<?xml version="1.0" encoding="UTF-8"?>
<record
    xmlns:xsi="http://www.w3.org/2001/XMLSchema-instance"
    xsi:schemaLocation="http://www.loc.gov/MARC21/slim http://www.loc.gov/standards/marcxml/schema/MARC21slim.xsd"
    xmlns="http://www.loc.gov/MARC21/slim">

  <leader>01861nam a22001937a 4500</leader>
  <controlfield tag="003">IT-RoPau</controlfield>
  <controlfield tag="005">20220918175936.0</controlfield>
  <controlfield tag="008">121206b        xxu||||| |||| 00| 0 eng d</controlfield>
  <datafield tag="040" ind1=" " ind2=" ">
    <subfield code="c">T-RoPau</subfield>
  </datafield>
  <datafield tag="100" ind1=" " ind2=" ">
    <subfield code="a">Alberione Giacomo</subfield>
    <subfield code="q">Fondatore Famiglia Paolina</subfield>
    <subfield code="9">19</subfield>
  </datafield>
  <datafield tag="245" ind1=" " ind2=" ">
    <subfield code="a">Giacomo Alberione un uomo, un' idea </subfield>
  </datafield>
  <datafield tag="250" ind1=" " ind2=" ">
    <subfield code="a">I</subfield>
  </datafield>
  <datafield tag="260" ind1=" " ind2=" ">
    <subfield code="a">Roma</subfield>
    <subfield code="b">SSP</subfield>
    <subfield code="c">1988</subfield>
  </datafield>
  <datafield tag="300" ind1=" " ind2=" ">
    <subfield code="a">322 p.</subfield>
    <subfield code="c">21,2 cm</subfield>
  </datafield>
  <datafield tag="490" ind1=" " ind2=" ">
    <subfield code="a">Edizioni Archivio Storico Generale della F.P.</subfield>
    <subfield code="v">I&#xB0; v.</subfield>
  </datafield>
  <datafield tag="500" ind1=" " ind2=" ">
    <subfield code="a">Vita e opere del Fondatore della F.P.</subfield>
  </datafield>
  <datafield tag="520" ind1=" " ind2=" ">
    <subfield code="a">INDICE

INTRODUZIONE
Chi &#xE8; don Giacomo Alberione?
Indole, scopo e limiti di questa biografia
Bibliografia essenziale
Spiegazione di alcune Sigle
Libri - Opuscoli - Periodici
Articoli
Appendice

CAPITOLO  I
L' ALBERO VISTO DALLE SUE RADICI

CAPITOLO II
IL NATIVO BORGO: SAN LORENZO DI FOSSANO

CAPITOLO III
CHERASCO, LA PATRIA ADOTTIVA

CAPITOLO IV
L' IMPEGNO DELLA SCUOLA A CHERASCO

CAPITOLO V
ANNI FELICI NEL SEMINARIO DI BRA

CAPITOLO VI
SIGNORE, CHE COSA VUOI CHE IO FACCIA?

CAPITOLO VII
ANNI FELICI IN TALARE E BOTTONI ROSSI

CAPITOLO VIII
SACERDOTE DI GESU' CRISTO PER SEMPRE

CAPITOLO  IX
IL BUON SEMINATORE USCI' A SEMINARE

CAPITOLO  X
DIRETTORE DI SPIRITO NEL SEMINARIO DI ALBA

CAPITOLO  XI
FEDELE ESECUTORE DELLE DIRETTIVE PONTIFICIE

CAPITOLO  XII
INSTANCABILE NEL SERVIZIO ECCLESIALE

CAPITOLO XIII
L' APOSTOLATO STAMPA E' NECESSARIO

CAPITOLO XIV
GLI APOSTOLI DELLA BUONA STAMPA:
RELIGIOSI E SANTI

CAPITOLO XV
LA SCUOLA TIPOGRAFICA "PICCOLO OPERAIO"

CAPITOLO XVI
SCUOLA TIPOGRAFICA E COLONIA AGRICOLA

CAPITOLO  XVVII
INFANZIA DELL' ISTITUTO FEMMINILE: 1915 - 1923

CAPITOLO    XVIII
CRONACHE PAOLINE DEGLI ANNI DI GUERRA

CAPITOLO  XIX
FERVORE ASCETICO E ZELO APOSTOLICO

CAPITOLO  XX
SOFFERTA CRESCITA DAI CINQUE AI SETTE ANNI

CAPITOLO   XXI
"HO SOGNATO UN ORDINE RELIGIOSO STAMPATORE"   
 
</subfield>
  </datafield>
  <datafield tag="942" ind1=" " ind2=" ">
    <subfield code="2">ddc</subfield>
    <subfield code="c">BK</subfield>
  </datafield>
  <datafield tag="999" ind1=" " ind2=" ">
    <subfield code="c">37613</subfield>
    <subfield code="d">37613</subfield>
  </datafield>
  <datafield tag="952" ind1=" " ind2=" ">
    <subfield code="0">0</subfield>
    <subfield code="1">0</subfield>
    <subfield code="2">ddc</subfield>
    <subfield code="4">0</subfield>
    <subfield code="6">P_A6</subfield>
    <subfield code="7">1</subfield>
    <subfield code="a">PAULUS</subfield>
    <subfield code="b">PAULUS</subfield>
    <subfield code="d">2012-12-06</subfield>
    <subfield code="l">0</subfield>
    <subfield code="o">P A6</subfield>
    <subfield code="r">2012-12-06 00:00:00</subfield>
    <subfield code="w">2012-12-06</subfield>
    <subfield code="y">BK</subfield>
  </datafield>
  <datafield tag="952" ind1=" " ind2=" ">
    <subfield code="0">0</subfield>
    <subfield code="1">0</subfield>
    <subfield code="2">ddc</subfield>
    <subfield code="4">0</subfield>
    <subfield code="6">P_A6</subfield>
    <subfield code="7">1</subfield>
    <subfield code="a">PAULUS</subfield>
    <subfield code="b">PAULUS</subfield>
    <subfield code="d">2013-11-18</subfield>
    <subfield code="l">0</subfield>
    <subfield code="o">P A6</subfield>
    <subfield code="r">2013-11-18 00:00:00</subfield>
    <subfield code="w">2013-11-18</subfield>
    <subfield code="y">BK</subfield>
  </datafield>
</record>
